000 01247cam a22003617a 4500
999 _c495
_d495
001 14123397
003 OSt
005 20190918115611.0
008 050928s2005 enka 001 0 eng c
010 _a 2005280335
015 _aGBA4-Z0036
016 7 _a101247315
_2DNLM
020 _a0340807431 (pbk.)
020 _a9780340807439
035 _a(OCoLC)ocm58973757
040 _aNLM
_cNLM
_dNVC
_dUKM
_dC#P
_dBAKER
_dDLC
042 _apcc
050 0 0 _aQM25
_b.I44 2005
060 0 0 _a2005 F-354
060 1 0 _aQS 17
_bI29 2005
082 0 0 _aQS4 A82i 2005
_222
100 _aAbrahams, Peter H.; Craven, John; Lumley, John
_91300
245 0 0 _aIllustrated Clinical Anatomy
260 _aLondon :
_bOxford University Press
_c2005.
300 _aviii, 390 p. :
_bill. (chiefly col.) ;
_c28 cm.
504 _aIncludes index.
650 0 _aHuman anatomy
_9151
856 4 2 _3Publisher description
_uhttp://www.loc.gov/catdir/enhancements/fy0635/2005280335-d.html
856 4 1 _3Table of contents only
_uhttp://www.loc.gov/catdir/enhancements/fy0635/2005280335-t.html
906 _a7
_bcbc
_cpccadap
_d2
_encip
_f20
_gy-gencatlg
942 _2z
_cSLOAN